| 000 | 01920nam a2200241 4500 | ||
|---|---|---|---|
| 005 | 20250329165444.0 | ||
| 008 | 190415s2024 000 0 eng d | ||
| 040 |
_aCO-CtgCURN _bspa _ccoctgcurn |
||
| 082 | 0 |
_aINQ 2024 _bP298 |
|
| 100 | 1 | _aPatiño Orozco, Yesica Alejandra. | |
| 245 | 1 | 0 |
_aMortalidad asociada a tuberculosis en pacientes diabéticos notificados al INS de Colombia durante los años 2019-2021 / _cYesica Alejandra Patiño Orozco; Esteban Enrique Pájaro Espinosa; directores: Jaime Alberto Lorduy Gómez; Soraya Salas Romero. |
| 260 |
_aCartagena de Indias : _bCorporación Universitaria Rafael Nuñez, _c2024. |
||
| 300 | _a91 hojas. | ||
| 504 | _aTrabajo de grado (Instrumentación quirúrgica). Corporación Universitaria Rafael Nuñez. Facultad de Ciencias de la Salud. Instrumentación Quirúrgica, 2024. | ||
| 520 | _a"La asociación entre tuberculosis y diabetes es un problema de salud pública a nivel mundial. Los pacientes que padecen ambas condiciones tienen mayor riesgo de mortalidad. En un adulto sano expuesto a una cantidad baja de bacterias, la inflamación granulomatosa detiene la infección antes de que se produzca una afectación pulmonar. Sin embargo, en pacientes con enfermedades como la diabetes la infección por tuberculosis es rápidamente progresiva causando intervalo de supervivencia más corto debido a la afectación del sistema inmunolgico." | ||
| 650 | 0 |
_aInstrumentación quirúrgica _vTesis y disertaciones academicas. |
|
| 700 | 1 | _aPájaro Espinosa, Esteban Enrique . | |
| 700 | 1 |
_aLorduy Gómez, Jaime Alberto, _edirector. |
|
| 700 | 1 |
_aSalas Romero, Soraya, _edirector. |
|
| 856 |
_uhttps://unicurn.sharepoint.com/:b:/s/biblioteca/EUycrp2YHoNMkHS9d8oZKyQBbMjOYK49e7o7Zc6zTrM1Tw?e=nsvOx7 _zClick aqui para ver el recurso en texto completo |
||
| 942 |
_2ddc _cTG _hINQ 2024 _iP298 |
||
| 999 |
_c4626 _d4626 |
||